| 000 | 00501nam a22001937a 4500 | ||
|---|---|---|---|
| 003 | OSt | ||
| 005 | 20180116183012.0 | ||
| 008 | 150910b xxu||||| |||| 00| 0 eng d | ||
| 020 | _a9780070583245 | ||
| 040 | _c0 | ||
| 082 | _a339.43 SUB 2005 | ||
| 100 | _aPratap Subramanyam | ||
| 245 |
_aInvestment Banking _cPratap Subramanyam |
||
| 260 |
_aNew Delhi _bTATA McGraw Hill _c2005 |
||
| 300 |
_a1182 P. _bHB |
||
| 440 | _aInvestment Banking | ||
| 600 | _aPratap Subramanyam | ||
| 942 |
_2ddc _cBK |
||
| 999 |
_c350332 _d350332 |
||